Zuzana Kronerová: "Náhradní rodičia sú hrdinovia"

Poslanie a podpora Zuzany Kronerovej v Nadácii Rozum a Cit. Pomoc opusteným deťom prežiť detstvo uprostred rodiny. Podujatia organizované pre náhradné rodiny.

Salvato in:
Dettagli Bibliografici
Autore principale: Haruštiaková, Zuzana
Natura: Capitolo di libro
Lingua:slovacco
Soggetti:
Tags: Aggiungi Tag
Nessun Tag, puoi essere il primo ad aggiungerne!!

MARC

LEADER 00000naa a2200000 4500
001 0147575
005 20230912101637.8
041 0 |a slo 
044 |a SK 
245 1 0 |a Zuzana Kronerová: "Náhradní rodičia sú hrdinovia"  |c Zuzana Haruštiaková 
520 |a Poslanie a podpora Zuzany Kronerovej v Nadácii Rozum a Cit. Pomoc opusteným deťom prežiť detstvo uprostred rodiny. Podujatia organizované pre náhradné rodiny. 
610 2 0 |a organizácie neziskové 
610 2 0 |a nadácie 
610 2 0 |a rodina 
610 2 0 |a starostlivosť o deti 
610 2 0 |a politika rodinná 
610 2 0 |a práca sociálna 
100 1 |a Haruštiaková, Zuzana